Online Catalogue and eLibrary

Leveling crowds : (Record no. 471)

MARC details
000 -LEADER
fixed length control field 00815cam a2200253 a 4500
001 - CONTROL NUMBER
control field 1617849
005 - DATE AND TIME OF LATEST TRANSACTION
control field 20240222012703.0
008 - FIXED-LENGTH DATA ELEMENTS--GENERAL INFORMATION
fixed length control field 951204s1996 cauab b s001 0 eng
020 ## - INTERNATIONAL STANDARD BOOK NUMBER
ISBN 8170366305.
020 ## - INTERNATIONAL STANDARD BOOK NUMBER
ISBN 0520206428 (pbk. : alk. paper)
040 ## - CATALOGING SOURCE (பட்டியலாக்க மூலம்)
Original cataloging agency DLC
Transcribing agency DLC
Modifying agency DLC
082 00 - DDC Classification
Class No. 322.4.
DDC Edition Number 20
Item Number - Author Mark Lev.
100 1# - MAIN ENTRY--PERSONAL NAME
Personal name Tambiah, Jeyaraja Stanley.
245 10 - TITLE STATEMENT
Title Leveling crowds :
Remainder of title ethnonationalist conflicts and collective violence in South Asia /
Statement of responsibility, etc. Stanley J. Tambiah.
260 ## - PUBLICATION, DISTRIBUTION, ETC.
Place of publication, distribution, etc. Berkeley :
Name of publisher, distributor, etc. University of California Press,
Date of publication, distribution, etc. 1996.
300 ## - PHYSICAL DESCRIPTION
Extent (e.g. Volumes, Pages etc.) x, 395 p .,
650 #0 - SUBJECT ADDED ENTRY--TOPICAL TERM
Topical term or geographic name entry element Riots
650 #0 - SUBJECT ADDED ENTRY--TOPICAL TERM
Topical term or geographic name entry element Crowds
650 #0 - SUBJECT ADDED ENTRY--TOPICAL TERM
Topical term or geographic name entry element Communalism
650 #0 - SUBJECT ADDED ENTRY--TOPICAL TERM
Topical term or geographic name entry element Violence
856 42 - ELECTRONIC LOCATION AND ACCESS
Uniform Resource Identifier <a href="http://www.loc.gov/catdir/bios/ucal051/95048114.html">http://www.loc.gov/catdir/bios/ucal051/95048114.html</a>
856 42 - ELECTRONIC LOCATION AND ACCESS
Uniform Resource Identifier <a href="http://www.loc.gov/catdir/description/ucal041/95048114.html">http://www.loc.gov/catdir/description/ucal041/95048114.html</a>
942 ## - Koha item type (Biblio)
Koha item type Books in Stacks (Lending)
Holdings
Lost status Damaged status Collection code Home library Current library Date acquired Full call number Accession Number Item type
    Lending WERC Library WERC Library 02/22/2024 322.4. Lev. 2397 Books in Stacks (Lending)

© WERC Library